Red lights out : a legal history of prostitution, disorderly houses, and vice districts, 1870-1917 /

Bibliographic Details
Main Author: Mackey, Thomas C., 1956-
Format: Book
Language:English
Published: New York : Garland Pub., 1987.
Series:American legal and constitutional history.
Subjects:

MARC

Tag First Indicator Second Indicator Subfields
LEADER 00000cam a2200000 a 4500
001 in00000008446
005 20151003060015.0
008 860905s1987 nyu b 00010 eng
010 |a  86022945  
020 |a 0824082869 (alk. paper) :  |c $40.00 
035 |a (OCoLC)14240162 
035 |9 AAA0836AM 
040 |a DLC  |c DLC  |d m/c  |d TXA  |d UtOrBLW 
043 |a n-us--- 
049 |a TXAM  |c [A10035020] 
050 0 0 |a KF9448  |b .M33 1987 
082 0 |a 344.73/0544  |a 347.304544  |2 19 
100 1 |a Mackey, Thomas C.,  |d 1956- 
245 1 0 |a Red lights out :  |b a legal history of prostitution, disorderly houses, and vice districts, 1870-1917 /  |c Thomas C. Mackey. 
264 1 |a New York :  |b Garland Pub.,  |c 1987. 
300 |a 438 pages ;  |c 24 cm. 
336 |a text  |b txt  |2 rdacontent 
337 |a unmediated  |b n  |2 rdamedia 
338 |a volume  |b nc  |2 rdacarrier 
490 1 |a American legal and constitutional history 
500 |a Originally presented as the author's thesis (Ph. D.--Rice University). 
504 |a Bibliography: pages 409-438. 
650 0 |a Prostitution  |z United States  |x History. 
650 0 |a Sex-oriented businesses  |x Law and legislation  |z United States  |x History. 
830 0 |a American legal and constitutional history. 
999 |a MARS 
999 f f |s d7ba88c6-5068-3935-8dfb-cf51c4cc5cf7  |i d94d4427-8f18-3c16-a729-bec57f4fb187  |t 0 
952 f f |p normal  |a Texas A&M University  |b College Station  |c Sterling C. Evans Library  |d Evans: Library Stacks  |t 0  |e KF9448 .M33 1987  |h Library of Congress classification  |i unmediated -- volume  |m A14810035020 
998 f f |a KF9448 .M33 1987  |t 0  |l Evans: Library Stacks